000 00434nam a22001577a 4500
003 OSt
008 260225b |||||||| |||| 00| 0 eng d
020 _a9788175053854
082 _a294.555 VIC
100 _aAdvaita Ashrama (Publication Hourse of Ramakrishna Math)
245 _aThe Complete works of Swami Vivekananda Vol.3
250 _a13th Ed
260 _aKolkata
_bAdvaita Ashrama
_c2024
300 _a592p
942 _2ddc
_cREF
999 _c13864
_d13864